Loading...
Mythology | 1 | 1 | 0 | 1 | 25 | 94 | 115.50 | 1 | 1 |
Science - Biology | 0 | 2 | 0 | 0 | 20 | 69 | 85.50 | 1 | 2 |
History - American History | 0 | 2 | 0 | 2 | 20 | 137 | 142.50 | 0 | 1 |
Fine Arts - Other Fine Arts | 0 | 2 | 2 | 0 | 10 | 86 | 89.00 | 1 | 2 |
Literature - European Literature | 0 | 1 | 0 | 1 | 10 | 101 | 101.00 | 1 | 1 |
Literature - British Literature | 0 | 1 | 1 | 1 | 5 | 144 | 144.00 | 0 | 1 |
Fine Arts - Visual Fine Arts | 0 | 1 | 1 | 1 | 5 | 131 | 131.00 | 0 | 1 |
Science - Chemistry | 0 | 1 | 2 | 1 | 0 | 141 | 141.00 | 0 | 1 |
History - World History | 0 | 0 | 1 | 0 | -5 | 0.00 | 0 | 0 | |
History - European History | 0 | 0 | 1 | 0 | -5 | 0.00 | 0 | 0 | |
Philosophy | 0 | 0 | 1 | 0 | -5 | 0.00 | 0 | 0 | |
Religion | 0 | 0 | 2 | 0 | -10 | 0.00 | 0 | 0 | |
Social Science | 0 | 0 | 2 | 0 | -10 | 0.00 | 0 | 0 |